000 01474cam a2200157 4500500
005 20251214031708.0
041 _afre
042 _adc
100 1 0 _aGrangé, Ninon
_eauthor
245 0 0 _aDéborah V. Brosteaux, Les Désirs guerriers de la modernité, Paris, Seuil, “La Couleur des idées”, 2025, 214 pages
260 _c2025.
500 _a36
520 _aThe Red Team Défense has introduced a new way of envisioning the future in the French Ministry of the Armed Forces through the creation of science-fiction stories. These stories, imagined and written by authors, are a means of conceiving and acquiring information about potential future environments (imaginary but plausible) in order to reflect on them. This innovative experiment within the ministry, which ended in 2023, is far from unprecedented. After discussing how the armed forces are consumers of science-fiction, this article provides an overview of how this literary genre is used by different types of actors in the defence sector around the world. This preliminary exploration makes it possible to define lessons that can be drawn from the Red Team Defence study to enrich the knowledge available on this rapidly growing practice of mobilizing the use of science-fiction within the armed forces.
786 0 _nLes Champs de Mars | 40 | 1 | 2025-11-26 | p. 180-183 | 1253-1871
856 4 1 _uhttps://shs.cairn.info/journal-les-champs-de-mars-2023-1-page-180?lang=en&redirect-ssocas=7080
999 _c1574949
_d1574949